Économie de la santé (notice n° 1925409)

détails MARC
000 -LEADER
fixed length control field 01244cam a2200157 4500500
005 - DATE AND TIME OF LATEST TRANSACTION
control field 20260329023209.0
041 ## - LANGUAGE CODE
Language code of text/sound track or separate title fre
042 ## - AUTHENTICATION CODE
Authentication code dc
100 10 - MAIN ENTRY--PERSONAL NAME
Personal name Batifoulier, Philippe
Relator term author
245 00 - TITLE STATEMENT
Title Économie de la santé
260 ## - PUBLICATION, DISTRIBUTION, ETC.
Name of publisher, distributor, etc. Armand Colin,<br/>
Date of publication, distribution, etc. 2018.<br/>
520 ## - SUMMARY, ETC.
Summary, etc. Cet ouvrage présente, dans un langage simple et accessible, les débats économiques sur les questions de santé pour les ouvrir aux débats citoyens. Pour ce faire, il propose un ensemble pluraliste de réflexions relatives à la santé en considérant que l’organisation actuelle du système de santé ne peut se comprendre sans avoir recours à ses trajectoires historiques. Ce manuel s’organise autour d’une logique thématique qui permet de présenter les grands objets de santé : l’hôpital, la médecine de ville, l’industrie pharmaceutique, les assurances privées mais aussi l’émergence des systèmes de santé, la quantification de l’activité de soin, les inégalités, la marchandisation du soin et les rapports entre santé et capitalisme.
700 10 - ADDED ENTRY--PERSONAL NAME
Personal name Da Silva, Nicolas
Relator term author
700 10 - ADDED ENTRY--PERSONAL NAME
Personal name Domin, Jean-Paul
Relator term author
856 41 - ELECTRONIC LOCATION AND ACCESS
Uniform Resource Identifier <a href="https://shs.cairn.info/economie-de-la-sante--9782200619510?lang=fr&redirect-ssocas=7080">https://shs.cairn.info/economie-de-la-sante--9782200619510?lang=fr&redirect-ssocas=7080</a>

Pas d'exemplaire disponible.

PLUDOC

PLUDOC est la plateforme unique et centralisée de gestion des bibliothèques physiques et numériques de Guinée administré par le CEDUST. Elle est la plus grande base de données de ressources documentaires pour les Étudiants, Enseignants chercheurs et Chercheurs de Guinée.

Adresse

627 919 101/664 919 101

25 boulevard du commerce
Kaloum, Conakry, Guinée

Réseaux sociaux

Powered by Netsen Group @ 2025